Normal view
MARC view
- RESEARCH IN EDUCATION
Entry Topical Term
001 - CONTROL NUMBER
- control field: 62120
003 - CONTROL NUMBER IDENTIFIER
- control field: NUST
005 - DATE AND TIME OF LATEST TRANSACTION
- control field: 20210628202859.0
008 - FIXED-LENGTH DATA ELEMENTS
- fixed length control field: 210628|| aca||aabn | a|a d
040 ## - CATALOGING SOURCE
- Original cataloging agency: NUST
- Transcribing agency: NUST
150 ## - HEADING--TOPICAL TERM
- Topical term or geographic name entry element: RESEARCH IN EDUCATION
670 ## - SOURCE DATA FOUND
- Source citation: Work cat.: (NUST): Best, John W, Kahn, James V 62119, Research in education, 2005
